[Event "EU-chT 24th"]
[Site "Budva"]
[Date "2023.11.19"]
[Round "8.19"]
[White "Grant, Jonathan"]
[Black "Veleshnja, Zino"]
[Result "0-1"]
[WhiteElo "2150"]
[BlackElo "2269"]
[PlyCount "118"]
[EventDate "2023.11.11"]
[EventType "team-swiss"]
[EventRounds "9"]
[EventCountry "MNE"]
[SourceTitle "CB47_2023"]
[SourceDate "2023.11.22"]
[SourceVersion "1"]
[SourceVersionDate "2023.11.22"]
[SourceQuality "1"]
[WhiteTeam "Scotland"]
[BlackTeam "Albania"]
[WhiteTeamCountry "SCO"]
[BlackTeamCountry "ALB"]

1. c4 e5 2. Nc3 d6 3. g3 f5 4. d4 Nf6 5. dxe5 dxe5 6. Qxd8+ Kxd8 7. Bg5 c6 8. 0-0-0+ Kc7 9. Nf3 h6 10. Bxf6 gxf6 11. Bh3 Bb4 12. Kc2 Be6 13. b3 Na6 14. Nh4 Nc5 15. f3 f4 16. Bf5 Rhg8 17. Bxe6 Nxe6 18. Nf5 Bxc3 19. Kxc3 h5 20. Rd2 Rg5 21. h4 Rgg8 22. g4 hxg4 23. Nh6 g3 24. Nxg8 Rxg8 25. Rdd1 c5 26. h5 Nd4 27. Rde1 Nf5 28. h6 Rh8 29. h7 Ne3 30. Rh6 Kd7 31. Reh1 Ke7 32. Rg6 Kf7 33. Rhh6 Rxh7 34. Rxf6+ Kg8 35. Rfg6+ Rg7 36. Rxg7+ Kxg7 37. Rh5 Kf6 38. Rh8 Ng4 39. Rh4 Nf2 40. Rh8 Kg7 41. Rh5 Kf6 42. Rh8 Nh3 43. Rh6+ Kf5 44. e4+ fxe3 45. Rxh3 Kf4 46. Rh8 Kxf3 47. Rf8+ Ke2 48. Rg8 e4 49. Rxg3 Kf2 50. Rg4 e2 51. Rxe4 e1Q+ 52. Rxe1 Kxe1 53. Kd3 Kd1 54. a3 Kc1 55. b4 Kb2 56. bxc5 Kxa3 57. Kc3 a5 58. c6 bxc6 59. c5 a4 0-1

[Event "EU-chT 24th"]
[Site "Budva"]
[Date "2023.11.18"]
[Round "7.4"]
[White "Veleshnja, Zino"]
[Black "Djurovic, Peko"]
[Result "0-1"]
[WhiteElo "2269"]
[BlackElo "2344"]
[PlyCount "102"]
[EventDate "2023.11.11"]
[EventType "team-swiss"]
[EventRounds "9"]
[EventCountry "MNE"]
[SourceTitle "CB47_2023"]
[SourceDate "2023.11.22"]
[SourceVersion "1"]
[SourceVersionDate "2023.11.22"]
[SourceQuality "1"]
[WhiteTeam "Albania"]
[BlackTeam "Montenegro Youth II"]
[WhiteTeamCountry "ALB"]
[BlackTeamCountry "MNE"]

1. d4 d5 2. c4 e6 3. Nc3 Nf6 4. cxd5 exd5 5. Bg5 Be7 6. e3 c6 7. Bd3 0-0 8. Nge2 Re8 9. Qc2 Nbd7 10. 0-0 h6 11. Bf4 Nf8 12. Rab1 b5 13. Rbc1 Be6 14. Nb1 Rc8 15. Nd2 N8d7 16. Nb3 a5 17. a4 bxa4 18. Nc5 Nxc5 19. dxc5 Nd7 20. Ba6 Nxc5 21. Bxc8 Qxc8 22. Nd4 Bd7 23. Rfe1 Bf8 24. f3 Qa6 25. Rcd1 Qb6 26. Kh1 g6 27. Re2 Nb3 28. Nxb3 axb3 29. Qd3 Bf5 30. Qd2 Bc2 31. Rde1 Bb4 32. Qd4 c5 33. Qxd5 Bxe1 34. Rxe1 a4 35. Ra1 Rd8 36. Qe5 g5 37. Bxg5 hxg5 38. Qxg5+ Bg6 39. h4 Kg7 40. Rxa4 Qf6 41. Qxc5 Qxb2 42. h5 Rh8 43. Rh4 Qf6 44. h6+ Rxh6 45. Rxh6 Kxh6 46. Qb4 Bc2 47. g4 Qxf3+ 48. Kh2 Qf2+ 49. Kh3 Qxe3+ 50. Kh4 Qg5+ 51. Kh3 Kh7 0-1

[Event "EU-chT 24th"]
[Site "Budva"]
[Date "2023.11.12"]
[Round "2.2"]
[White "Draskovic, Luka"]
[Black "Veleshnja, Zino"]
[Result "1-0"]
[WhiteElo "2476"]
[BlackElo "2269"]
[PlyCount "117"]
[EventDate "2023.11.11"]
[EventType "team-swiss"]
[EventRounds "9"]
[EventCountry "MNE"]
[SourceTitle "CB47_2023"]
[SourceDate "2023.11.22"]
[SourceVersion "1"]
[SourceVersionDate "2023.11.22"]
[SourceQuality "1"]
[WhiteTeam "Montenegro"]
[BlackTeam "Albania"]
[WhiteTeamCountry "MNE"]
[BlackTeamCountry "ALB"]

1. Nf3 Nf6 2. g3 e6 3. Bg2 d5 4. 0-0 Be7 5. d3 0-0 6. Nbd2 c5 7. e4 Nc6 8. Re1 b5 9. exd5 exd5 10. d4 Bf5 11. dxc5 Bxc5 12. Nb3 Bb6 13. Be3 Rc8 14. c3 b4 15. Nfd4 Nxd4 16. Nxd4 Bxd4 17. Qxd4 bxc3 18. bxc3 Be4 19. f3 Bf5 20. Bf1 Qa5 21. Qb4 Qc7 22. Bd4 Rfe8 23. Qa4 Rxe1 24. Rxe1 h5 25. Qa6 Nd7 26. Qb5 Nc5 27. Re8+ Rxe8 28. Qxe8+ Kh7 29. Qa8 Na4 30. Qf8 f6 31. Qe8 Qd7 32. Qxh5+ Kg8 33. Qh4 Nb6 34. Qf4 Kh7 35. g4 Bg6 36. h4 Nc4 37. h5 Bc2 38. h6 Qd6 39. Qxd6 Nxd6 40. hxg7 Ne8 41. Bb5 Nxg7 42. Bxf6 Ne6 43. Bd4 a5 44. Kf2 a4 45. Bc6 Bb3 46. a3 Nd8 47. Bb5 Nb7 48. Bd3+ Kg8 49. Ke3 Nd6 50. Be5 Nc4+ 51. Bxc4 Bxc4 52. f4 Bb3 53. f5 Bd1 54. Kf4 Kh7 55. g5 Bc2 56. Bd4 Bd3 57. Ke5 Kg8 58. Kf6 Bb5 59. g6 1-0

[Event "EU-chT 24th"]
[Site "Budva"]
[Date "2023.11.11"]
[Round "1.14"]
[White "Veleshnja, Zino"]
[Black "Bosiocic, Marin"]
[Result "1-0"]
[WhiteElo "2269"]
[BlackElo "2537"]
[PlyCount "93"]
[EventDate "2023.11.11"]
[EventType "team-swiss"]
[EventRounds "9"]
[EventCountry "MNE"]
[SourceTitle "CB47_2023"]
[SourceDate "2023.11.22"]
[SourceVersion "1"]
[SourceVersionDate "2023.11.22"]
[SourceQuality "1"]
[WhiteTeam "Albania"]
[BlackTeam "Croatia"]
[WhiteTeamCountry "ALB"]
[BlackTeamCountry "CRO"]

1. d4 Nf6 2. c4 e6 3. Nc3 Bb4 4. g3 0-0 5. Bg2 d6 6. Nf3 Bxc3+ 7. bxc3 Qe7 8. 0-0 e5 9. Bg5 Nbd7 10. Nh4 e4 11. f3 Qe6 12. Bxf6 Nxf6 13. fxe4 Nxe4 14. Qd3 Re8 15. Nf5 c6 16. Bxe4 Qxe4 17. Qxe4 Rxe4 18. Nxd6 Rxe2 19. Rae1 Rxe1 20. Rxe1 Be6 21. Nxb7 Bxc4 22. Na5 Bd5 23. c4 Be6 24. Nxc6 Bxc4 25. d5 Bxa2 26. d6 Be6 27. Rxe6 fxe6 28. d7 Kf7 29. d8Q Rxd8 30. Nxd8+ Kf6 31. Nc6 a6 32. Kf2 h5 33. h3 Kf5 34. Ke3 e5 35. Na5 Ke6 36. Ke4 Kd6 37. Nb3 Kc6 38. Kxe5 Kb5 39. Kd4 Kb4 40. Nc5 a5 41. g4 hxg4 42. hxg4 g5 43. Kd5 Kc3 44. Ne4+ Kb4 45. Kd4 a4 46. Kd3 Kb3 47. Nc5+ 1-0

[Event "Titled Tuesday intern op 23rd May Early"]
[Site "Chess.com INT"]
[Date "2023.05.23"]
[Round "1"]
[White "Veleshnja, Zino"]
[Black "Jaracz, Pawel"]
[Result "0-1"]
[WhiteElo "2259"]
[BlackElo "2467"]
[PlyCount "102"]
[EventDate "2023.05.23"]
[EventType "swiss (blitz)"]
[EventRounds "11"]
[EventCountry "USA"]
[SourceTitle "CBM 214 Extra"]
[Source "ChessBase"]
[SourceDate "2023.07.31"]
[SourceVersion "1"]
[SourceVersionDate "2023.07.31"]
[SourceQuality "1"]

1. d4 d5 2. Bf4 e6 3. e3 Bd6 4. Bg3 Ne7 5. Bd3 b6 6. Nf3 Ba6 7. Qe2 Bxd3 8. Qxd3 0-0 9. Nbd2 Nf5 10. Be5 Nc6 11. c3 Bxe5 12. dxe5 Nfe7 13. 0-0-0 Ng6 14. e4 Ncxe5 15. Nxe5 Nxe5 16. Qg3 Qf6 17. f4 Qxf4 18. exd5 exd5 19. Qxf4 Nd3+ 20. Kc2 Nxf4 21. Nf3 c6 22. g3 Ne6 23. Ne5 Rac8 24. Rhe1 Rfd8 25. h4 c5 26. h5 h6 27. g4 b5 28. b3 c4 29. Rf1 d4 30. Nxf7 cxb3+ 31. Kxb3 Rxc3+ 32. Kb2 Rdc8 33. Nd6 R8c6 34. Ne4 Rc2+ 35. Kb1 Rg2 36. Rg1 Rxg1 37. Rxg1 Ng5 38. Nxg5 hxg5 39. Rd1 Rc4 40. Kb2 Kf7 41. Rf1+ Ke6 42. Rf5 d3 43. Rf3 Rd4 44. Kc1 Ke5 45. Kd2 Ke4 46. Rf8 Ra4 47. Re8+ Kf4 48. Kxd3 Kxg4 49. Rb8 a6 50. Rb7 Kxh5 51. Rxg7 Rxa2 0-1

[Event "Titled Tuesday intern op 01st Nov Late"]
[Site "Chess.com INT"]
[Date "2022.11.01"]
[Round "5"]
[White "Veleshnja, Zino"]
[Black "Aghasiyev, Kamal"]
[Result "0-1"]
[WhiteElo "2259"]
[BlackElo "2441"]
[PlyCount "110"]
[EventDate "2022.11.01"]
[EventType "swiss (blitz)"]
[EventRounds "11"]
[EventCountry "USA"]
[SourceTitle "EXT 2024"]
[Source "ChessBase"]
[SourceDate "2023.10.10"]
[SourceVersion "1"]
[SourceVersionDate "2023.10.10"]
[SourceQuality "1"]

1. d4 d5 2. c4 e6 3. cxd5 exd5 4. Nc3 Nf6 5. Bg5 c6 6. Qc2 Nbd7 7. e3 Be7 8. Bd3 h6 9. Bh4 Nh5 10. Bxe7 Qxe7 11. Nge2 Nb6 12. 0-0 0-0 13. a4 a5 14. Ng3 Nxg3 15. hxg3 Be6 16. Rfe1 f5 17. Ne2 g5 18. Qc5 Qd8 19. g4 fxg4 20. Ng3 Qc7 21. e4 Nd7 22. Qc2 dxe4 23. Rxe4 Bd5 24. Re7 Rf7 25. Rae1 Qd6 26. Nf5 Rxf5 27. Bxf5 Nf8 28. Qc5 Qf4 29. R7e5 g3 30. fxg3 Qxg3 31. Qc2 Qh4 32. Qf2 Qxf2+ 33. Kxf2 Ra6 34. Re8 Rb6 35. R1e2 Kf7 36. Bc8 Ng6 37. g3 Rb3 38. Rd8 Rf3+ 39. Ke1 Rxg3 40. Rd6 Nf4 41. Rd7+ Kg6 42. Re8 Rg1+ 43. Kd2 Rg2+ 44. Kc3 Rg3+ 45. Kd2 Kh5 46. Rxb7 Rg2+ 47. Kc3 Rg3+ 48. Kc2 Kh4 49. Rh8 h5 50. Rbh7 Be4+ 51. Kd2 Rd3+ 52. Ke1 Bxh7 53. Rxh7 Rxd4 54. b3 Rb4 55. Bf5 Rxb3 0-1

[Event "Titled Tuesday intern op 11th Oct Early"]
[Site "Chess.com INT"]
[Date "2022.10.11"]
[Round "2"]
[White "Gabrielian, Artur"]
[Black "Veleshnja, Zino"]
[Result "1-0"]
[WhiteElo "2460"]
[BlackElo "2267"]
[PlyCount "59"]
[EventDate "2022.10.11"]
[EventType "swiss (blitz)"]
[EventRounds "11"]
[EventCountry "USA"]
[SourceTitle "EXT 2024"]
[Source "ChessBase"]
[SourceDate "2023.10.10"]
[SourceVersion "1"]
[SourceVersionDate "2023.10.10"]
[SourceQuality "1"]

1. e4 c5 2. Nf3 d6 3. d4 Nf6 4. Nc3 cxd4 5. Nxd4 a6 6. Bd3 g6 7. Be3 Bg7 8. h3 0-0 9. 0-0 Nc6 10. Nf3 b5 11. Re1 Bb7 12. a3 Rc8 13. Qd2 Na5 14. Bh6 Nc4 15. Bxc4 Rxc4 16. Bxg7 Kxg7 17. Qd3 Qa8 18. Nd2 Rc7 19. Re3 Rfc8 20. Rae1 Nh5 21. Rf3 Nf6 22. Qe3 Rc5 23. Qf4 Re5 24. Rfe3 Qa7 25. Nf3 Rec5 26. e5 dxe5 27. Nxe5 R5c7 28. Ng4 Qc5 29. Qh6+ Kg8 30. Nxf6+ 1-0

[Event "Titled Tuesday intern op 11th Oct Early"]
[Site "Chess.com INT"]
[Date "2022.10.11"]
[Round "4"]
[White "Veleshnja, Zino"]
[Black "De Souza, Cristiano Gomes"]
[Result "1-0"]
[WhiteElo "2267"]
[BlackElo "2018"]
[PlyCount "57"]
[EventDate "2022.10.11"]
[EventType "swiss (blitz)"]
[EventRounds "11"]
[EventCountry "USA"]
[SourceTitle "EXT 2024"]
[Source "ChessBase"]
[SourceDate "2023.10.10"]
[SourceVersion "1"]
[SourceVersionDate "2023.10.10"]
[SourceQuality "1"]

1. d4 Nf6 2. c4 g6 3. Nc3 d6 4. e4 Bg7 5. Be2 0-0 6. Be3 e5 7. d5 Nbd7 8. h4 a6 9. h5 Nc5 10. h6 Bh8 11. Qc2 a5 12. Nf3 b6 13. Nd2 Bd7 14. f3 Nh5 15. Rxh5 gxh5 16. 0-0-0 f5 17. exf5 Bxf5 18. Nde4 Nxe4 19. fxe4 Bg4 20. Rh1 Bf6 21. Bxg4 hxg4 22. Qd1 Qd7 23. Ne2 Kh8 24. Ng3 Rg8 25. Rh5 Rg6 26. Rf5 Rag8 27. Qf1 Bg5 28. Bxg5 Rxg5 29. Rxg5 1-0

[Event "Titled Tuesday intern op 11th Oct Early"]
[Site "Chess.com INT"]
[Date "2022.10.11"]
[Round "3"]
[White "Veleshnja, Zino"]
[Black "Manon Og, Ramon Jr"]
[Result "0-1"]
[WhiteElo "2267"]
[BlackElo "2000"]
[PlyCount "98"]
[EventDate "2022.10.11"]
[EventType "swiss (blitz)"]
[EventRounds "11"]
[EventCountry "USA"]
[SourceTitle "EXT 2024"]
[Source "ChessBase"]
[SourceDate "2023.10.10"]
[SourceVersion "1"]
[SourceVersionDate "2023.10.10"]
[SourceQuality "1"]

1. d4 Nf6 2. c4 g6 3. Nc3 d5 4. Nf3 Bg7 5. Bg5 Ne4 6. cxd5 Nxg5 7. Nxg5 e6 8. Qd2 h6 9. Nh3 exd5 10. Nf4 c6 11. g3 0-0 12. Bg2 Qb6 13. e3 Nd7 14. 0-0 Nf6 15. Na4 Qd8 16. Nc5 b6 17. Ncd3 Ne4 18. Qc2 Bb7 19. Ne5 c5 20. Rfd1 cxd4 21. exd4 Rc8 22. Qd3 Re8 23. h4 Bxe5 24. dxe5 Rxe5 25. Qd4 Qe7 26. Nd3 Rf5 27. Bh3 Rc4 28. Qe3 Rf6 29. Nf4 Rc2 30. Bg2 Rxb2 31. Nxd5 Bxd5 32. Rxd5 Re6 33. Qd4 Nf6 34. Qxb2 Nxd5 35. Bxd5 Re2 36. Re1 Rxe1+ 37. Kg2 Re2 38. Qc3 Qe5 39. Qc4 Kg7 40. Bf3 Rb2 41. h5 Qc5 42. Qf1 g5 43. Qe1 Rxa2 44. g4 b5 45. Kg3 b4 46. Bd1 Ra3+ 47. Kg2 b3 48. Qe2 Ra2 49. Qd3 Qxf2+ 0-1

[Event "Titled Tuesday intern op 04th Oct Early"]
[Site "Chess.com INT"]
[Date "2022.10.04"]
[Round "8"]
[White "Bilan, Danila"]
[Black "Veleshnja, Zino"]
[Result "1-0"]
[WhiteElo "2303"]
[BlackElo "2267"]
[PlyCount "49"]
[EventDate "2022.10.04"]
[EventType "swiss (blitz)"]
[EventRounds "11"]
[EventCountry "USA"]
[SourceTitle "EXT 2023"]
[Source "ChessBase"]
[SourceDate "2022.10.05"]
[SourceVersion "1"]
[SourceVersionDate "2022.10.05"]
[SourceQuality "1"]

1. d4 Nf6 2. Nf3 e6 3. g3 d5 4. Bg2 Be7 5. 0-0 0-0 6. c4 c6 7. Qc2 Nbd7 8. Nbd2 b6 9. e4 Ba6 10. b3 Rc8 11. Rd1 dxe4 12. Nxe4 Nxe4 13. Qxe4 Nf6 14. Qc2 Qc7 15. Bf4 Bd6 16. Bxd6 Qxd6 17. Rd2 Rfd8 18. Rad1 h6 19. Ne5 Bb7 20. Qc3 Qc7 21. Qf3 Nd7 22. Qxf7+ Kh8 23. Ng6+ Kh7 24. Ne7 Nf8 25. Qg8# 1-0

[Event "Titled Tuesday intern op 04th Oct Early"]
[Site "Chess.com INT"]
[Date "2022.10.04"]
[Round "2"]
[White "Kopjonkin, Kirill"]
[Black "Veleshnja, Zino"]
[Result "0-1"]
[WhiteElo "2314"]
[BlackElo "2267"]
[PlyCount "54"]
[EventDate "2022.10.04"]
[EventType "swiss (blitz)"]
[EventRounds "11"]
[EventCountry "USA"]
[SourceTitle "EXT 2023"]
[Source "ChessBase"]
[SourceDate "2022.10.05"]
[SourceVersion "1"]
[SourceVersionDate "2022.10.05"]
[SourceQuality "1"]

1. e4 c5 2. Nf3 d6 3. d4 Nf6 4. Nc3 cxd4 5. Nxd4 a6 6. f3 e5 7. Nb3 Be6 8. Be3 Nbd7 9. Qd2 b5 10. a4 b4 11. Nd5 Bxd5 12. exd5 Nb6 13. Bxb6 Qxb6 14. a5 Qb7 15. Bc4 g6 16. Ra4 Rb8 17. Nc1 h5 18. Na2 Bh6 19. Qd3 0-0 20. Nxb4 Qd7 21. b3 e4 22. fxe4 Nxe4 23. Nxa6 Rbe8 24. Bb5 Nc3+ 25. Kf1 Nxb5 26. c4 Qe7 27. Ra1 Qf6+ 0-1

[Event "Titled Tuesday intern op 04th Oct Early"]
[Site "Chess.com INT"]
[Date "2022.10.04"]
[Round "6"]
[White "Veleshnja, Zino"]
[Black "Domingo Nunez, Ruben"]
[Result "0-1"]
[WhiteElo "2267"]
[BlackElo "2383"]
[PlyCount "60"]
[EventDate "2022.10.04"]
[EventType "swiss (blitz)"]
[EventRounds "11"]
[EventCountry "USA"]
[SourceTitle "EXT 2023"]
[Source "ChessBase"]
[SourceDate "2022.10.05"]
[SourceVersion "1"]
[SourceVersionDate "2022.10.05"]
[SourceQuality "1"]

1. d4 g6 2. c4 Bg7 3. Nf3 d6 4. Nc3 Nd7 5. g3 Ngf6 6. Bg2 0-0 7. 0-0 c5 8. d5 Rb8 9. a4 b6 10. e4 a6 11. Bf4 Ne8 12. Qd2 Nc7 13. Bh6 b5 14. Bxg7 Kxg7 15. axb5 axb5 16. cxb5 Nxb5 17. h4 f6 18. h5 g5 19. Nh2 Nd4 20. Rae1 Ba6 21. f4 Bxf1 22. Rxf1 gxf4 23. Rxf4 Ne5 24. h6+ Kh8 25. Bf1 Rg8 26. Qf2 Qf8 27. Rh4 Rg6 28. Bh3 Rxh6 29. Qf4 Rxh4 30. gxh4 Rxb2 0-1

[Event "Olympiad-44"]
[Site "Chennai"]
[Date "2022.08.07"]
[Round "9.4"]
[White "Veleshnja, Zino"]
[Black "Morales, Carlos1111"]
[Result "1-0"]
[WhiteElo "2263"]
[BlackElo "2036"]
[PlyCount "63"]
[EventDate "2022.07.29"]
[EventType "team-swiss"]
[EventRounds "11"]
[EventCountry "IND"]
[SourceTitle "CBM 210"]
[Source "ChessBase"]
[SourceDate "2022.10.31"]
[SourceVersion "1"]
[SourceVersionDate "2022.10.31"]
[SourceQuality "1"]
[WhiteTeam "Albania"]
[BlackTeam "El Salvador"]
[WhiteTeamCountry "ALB"]
[BlackTeamCountry "ESA"]

1. d4 Nf6 2. Nf3 e6 3. c4 d5 4. g3 Be7 5. Bg2 0-0 6. 0-0 dxc4 7. Qc2 b5 8. a4 c6 9. axb5 cxb5 10. Ng5 h6 11. Nxf7 Rxf7 12. Bxa8 Bf8 13. Bg2 a6 14. Bf4 Nbd7 15. Nc3 Nb6 16. Qg6 Nbd5 17. Nxd5 exd5 18. Bxh6 Ne4 19. Bxe4 dxe4 20. Be3 Qd5 21. Rxa6 Bxa6 22. Qxa6 b4 23. Qc8 Ra7 24. Rc1 Ra2 25. Rxc4 Rxb2 26. Rc5 Qf7 27. g4 Rxe2 28. Rf5 Re1+ 29. Kg2 Qe7 30. Qc4+ Kh7 31. Rh5+ Kg6 32. Qg8 1-0

[Event "Olympiad-44"]
[Site "Chennai"]
[Date "2022.07.31"]
[Round "3.4"]
[White "Veleshnja, Zino"]
[Black "Rajerison, Mananihaja Charly"]
[Result "1-0"]
[WhiteElo "2263"]
[BlackElo "1912"]
[PlyCount "61"]
[EventDate "2022.07.29"]
[EventType "team-swiss"]
[EventRounds "11"]
[EventCountry "IND"]
[SourceTitle "CBM 210"]
[Source "ChessBase"]
[SourceDate "2022.10.31"]
[SourceVersion "1"]
[SourceVersionDate "2022.10.31"]
[SourceQuality "1"]
[WhiteTeam "Albania"]
[BlackTeam "Madagascar"]
[WhiteTeamCountry "ALB"]
[BlackTeamCountry "MAD"]

1. d4 d6 2. Nf3 Bg4 3. g3 Nf6 4. Bg2 c6 5. 0-0 e6 6. c4 Nbd7 7. Nc3 Be7 8. b3 0-0 9. Bb2 Qa5 10. Qd2 Qh5 11. h4 Qf5 12. Nh2 Qa5 13. Rad1 h6 14. Nxg4 Nxg4 15. Nd5 Qd8 16. Nxe7+ Qxe7 17. Qf4 Ngf6 18. Ba3 Ne8 19. e4 c5 20. dxc5 dxc5 21. e5 Rb8 22. Rd3 Nc7 23. Rfd1 Nb6 24. Rd6 Na6 25. Be4 Nb4 26. Bb1 Rbd8 27. Qe4 g6 28. Bc1 Kg7 29. Qf4 Nc6 30. Qxh6+ Kg8 31. Bg5 1-0

[Event "Francophonie-chT Rapid"]
[Site "Tornelo INT"]
[Date "2022.06.04"]
[Round "6.3"]
[White "Veleshnja, Zino"]
[Black "Doknjas, John"]
[Result "1/2-1/2"]
[WhiteElo "2224"]
[BlackElo "2229"]
[PlyCount "100"]
[EventDate "2022.06.04"]
[EventType "team-swiss (rapid)"]
[EventRounds "11"]
[EventCountry "FRA"]
[SourceTitle "CBM 208 Extra"]
[Source "ChessBase"]
[SourceDate "2022.07.31"]
[SourceVersion "1"]
[SourceVersionDate "2022.07.31"]
[SourceQuality "1"]
[WhiteTeam "Albania"]
[BlackTeam "Canada"]
[WhiteTeamCountry "ALB"]
[BlackTeamCountry "CAN"]

1. d4 Nf6 2. c4 e6 3. g3 c5 4. d5 exd5 5. cxd5 d6 6. Nc3 g6 7. Bg2 Bg7 8. Nf3 0-0 9. 0-0 Re8 10. Bf4 Bf5 11. Nd2 Nh5 12. e4 Nxf4 13. gxf4 Bd7 14. a4 Qh4 15. Qf3 Bh6 16. Qg3 Qxf4 17. Nc4 Qxg3 18. hxg3 Bf8 19. f4 Na6 20. e5 dxe5 21. fxe5 Bf5 22. Be4 Bxe4 23. Nxe4 Bg7 24. Nf6+ Bxf6 25. Rxf6 Nb4 26. Raf1 Nxd5 27. Rxf7 Re7 28. Rxe7 Nxe7 29. Nd6 Rf8 30. Nxb7 Rxf1+ 31. Kxf1 Nc6 32. e6 Kf8 33. Nxc5 Ke7 34. Kf2 Kd6 35. Ne4+ Kxe6 36. Ng5+ Kd5 37. Nxh7 Kc4 38. Nf8 Ne7 39. Ke3 Kb4 40. Kd3 Kxa4 41. Kc4 Nf5 42. Nxg6 Nxg3 43. Ne5 Nf5 44. Nc6 Nd6+ 45. Kc3 a6 46. b3+ Kb5 47. Nd4+ Kc5 48. Ne6+ Kb5 49. Nd4+ Kc5 50. Ne6+ Kb5 1/2-1/2

[Event "FIDE World Cup Europe Hybrid Qual"]
[Site "Tornelo INT"]
[Date "2021.05.24"]
[Round "1.1"]
[White "Dragnev, Valentin"]
[Black "Veleshnja, Zino"]
[Result "1-0"]
[WhiteElo "2565"]
[BlackElo "2278"]
[PlyCount "59"]
[EventDate "2021.05.24"]
[EventType "k.o."]
[EventRounds "3"]
[EventCountry "NET"]
[SourceTitle "CBM 202 Extra"]
[Source "ChessBase"]
[SourceDate "2021.07.31"]
[SourceVersion "1"]
[SourceVersionDate "2021.07.31"]
[SourceQuality "1"]

1. e4 c5 2. Nf3 d6 3. d4 Nf6 4. Nc3 cxd4 5. Nxd4 a6 6. h4 e5 7. Nb3 Be6 8. f4 Be7 9. f5 Bxb3 10. axb3 Nc6 11. g4 d5 12. exd5 Nd4 13. Bg2 Nxg4 14. Qxg4 Nxc2+ 15. Ke2 Nxa1 16. d6 Bf6 17. d7+ Qxd7 18. Rd1 h5 19. Qe4 Qc8 20. Be3 Nxb3 21. Qa4+ b5 22. Qxb3 0-0 23. Bxa8 Qxa8 24. Nd5 Bxh4 25. Qb4 Rd8 26. Qe4 Bg3 27. Bc5 f6 28. Qf3 e4 29. Ne7+ Kf8 30. Qb3 1-0

[Event "Online Olym Div2 C"]
[Site "Chess.com INT"]
[Date "2020.08.16"]
[Round "7.5"]
[White "Vrolijk, Liam"]
[Black "Veleshnja, Zino"]
[Result "1-0"]
[WhiteElo "2503"]
[BlackElo "2287"]
[PlyCount "107"]
[EventDate "2020.08.14"]
[EventType "team-tourn (rapid)"]
[EventRounds "9"]
[EventCountry "USA"]
[SourceTitle "CBM 198"]
[Source "ChessBase"]
[SourceDate "2020.10.31"]
[SourceVersion "1"]
[SourceVersionDate "2020.10.31"]
[SourceQuality "1"]
[WhiteTeam "Netherlands"]
[BlackTeam "Albania"]
[WhiteTeamCountry "NED"]
[BlackTeamCountry "ALB"]

1. d4 Nf6 2. c4 g6 3. Nc3 Bg7 4. e4 d6 5. f3 0-0 6. Nge2 c5 7. d5 e6 8. Ng3 exd5 9. cxd5 h5 10. Bg5 a6 11. a4 Qe8 12. Bd3 Nbd7 13. Nge2 Ne5 14. Bc2 Nh7 15. Bh4 Rb8 16. Rb1 b5 17. axb5 axb5 18. b4 c4 19. 0-0 Bd7 20. Qd2 Qc8 21. Be7 Qa6 22. Bxf8 Rxf8 23. h3 f5 24. f4 Nd3 25. Bxd3 cxd3 26. Qxd3 Re8 27. Nd4 fxe4 28. Qe3 Qa7 29. Rbd1 Rc8 30. Rfe1 Rc4 31. Nce2 Nf6 32. Nf5 Qxe3+ 33. Nxe3 Rxb4 34. Rb1 Ra4 35. Nc3 Ra3 36. Nxb5 Rd3 37. Nxd6 Nxd5 38. Nxd5 Rxd5 39. Nxe4 Bf5 40. Rb8+ Kh7 41. Ng5+ Kh6 42. Re7 Rd7 43. Nf7+ Kh7 44. Ng5+ Kh6 45. Rxd7 Bxd7 46. g3 Bf5 47. Rb7 Bc8 48. Rc7 Bf5 49. Kh2 Bb1 50. g4 hxg4 51. hxg4 Bd3 52. Kg3 Be2 53. Rc2 Bd1 54. Rh2# 1-0

[Event "Online Olym Div2 C"]
[Site "Chess.com INT"]
[Date "2020.08.15"]
[Round "4.5"]
[White "Stijve, Theo"]
[Black "Veleshnja, Zino"]
[Result "1/2-1/2"]
[WhiteElo "2249"]
[BlackElo "2287"]
[PlyCount "96"]
[EventDate "2020.08.14"]
[EventType "team-tourn (rapid)"]
[EventRounds "9"]
[EventCountry "USA"]
[SourceTitle "CBM 198"]
[Source "ChessBase"]
[SourceDate "2020.10.31"]
[SourceVersion "1"]
[SourceVersionDate "2020.10.31"]
[SourceQuality "1"]
[WhiteTeam "Switzerland"]
[BlackTeam "Albania"]
[WhiteTeamCountry "SUI"]
[BlackTeamCountry "ALB"]

1. e4 c5 2. Nf3 d6 3. d4 cxd4 4. Nxd4 Nf6 5. Nc3 a6 6. f3 e5 7. Nb3 Be6 8. Be3 Nbd7 9. Qd2 b5 10. 0-0-0 b4 11. Nd5 Bxd5 12. exd5 Nb6 13. Bg5 a5 14. Bb5+ Nbd7 15. Bxf6 gxf6 16. Kb1 Bg7 17. Bc6 Ra7 18. Qe3 Qc7 19. Nd4 Qb6 20. Rhe1 Bf8 21. Nb5 Ra6 22. Qd3 Ke7 23. Bxd7 Kxd7 24. Qf5+ Ke7 25. Nd4 Qc5 26. f4 Bg7 27. fxe5 dxe5 28. Qg4 Rg8 29. d6+ Kd8 30. Nf5 Rc6 31. Nxg7 Qxc2+ 32. Ka1 Qg6 33. Qf3 e4 34. Rxe4 Qxg7 35. Re7 Qg4 36. Qd5 Rg5 37. Re8+ Kxe8 38. Qxc6+ Qd7 39. Re1+ Re5 40. Rxe5+ fxe5 41. Qa8+ Qd8 42. Qd5 Qf6 43. d7+ Kd8 44. Qd1 Qe6 45. Qa4 Qxd7 46. Qxa5+ Qc7 47. Qd5+ Qd7 48. Qa5+ Qc7 1/2-1/2

[Event "Online Olym Div2 C"]
[Site "Chess.com INT"]
[Date "2020.08.15"]
[Round "6.5"]
[White "Veleshnja, Zino"]
[Black "Lazov, Toni"]
[Result "1/2-1/2"]
[WhiteElo "2287"]
[BlackElo "2405"]
[PlyCount "83"]
[EventDate "2020.08.14"]
[EventType "team-tourn (rapid)"]
[EventRounds "9"]
[EventCountry "USA"]
[SourceTitle "CBM 198"]
[Source "ChessBase"]
[SourceDate "2020.10.31"]
[SourceVersion "1"]
[SourceVersionDate "2020.10.31"]
[SourceQuality "1"]
[WhiteTeam "Albania"]
[BlackTeam "Macedonia"]
[WhiteTeamCountry "ALB"]
[BlackTeamCountry "MKD"]

1. d4 d6 2. Nf3 Nf6 3. c4 g6 4. Nc3 Bg7 5. Bf4 0-0 6. h3 Nfd7 7. e3 e5 8. Bh2 Nc6 9. Be2 f5 10. Qb3 exd4 11. exd4 Kh8 12. Rd1 Nf6 13. 0-0 Ne4 14. d5 Nxc3 15. bxc3 Na5 16. Qa3 b6 17. Nd4 Qf6 18. Qc1 f4 19. Rfe1 Bd7 20. Bg4 Bxg4 21. hxg4 Nxc4 22. Ne6 Rf7 23. Rd4 Ne5 24. Rxf4 Qe7 25. Rxf7 Qxf7 26. Nxg7 Nxg4 27. Qf4 Qxf4 28. Bxf4 Kxg7 29. Re7+ Kg8 30. Rxc7 Nf6 31. c4 Ne8 32. Rd7 Rc8 33. Bxd6 Nxd6 34. Rxd6 Rxc4 35. Rd8+ Kg7 36. Rd7+ Kh6 37. Rxa7 Rd4 38. Rb7 Rxd5 39. Rxb6 Rd1+ 40. Kh2 Rd2 41. Kg3 Rxa2 42. Rb7 1/2-1/2